Normal view MARC view
  • PHARMACY

Entry Topical Term

Number of records used in: 1

001 - CONTROL NUMBER

  • control field: 6467

003 - CONTROL NUMBER IDENTIFIER

  • control field: OSt

005 - DATE AND TIME OF LATEST TRANSACTION

  • control field: 20210305102717.0

008 - FIXED-LENGTH DATA ELEMENTS

  • fixed length control field: 210305|| aca||aabn | a|a d

040 ## - CATALOGING SOURCE

  • Original cataloging agency: OSt
  • Transcribing agency: OSt

150 ## - HEADING--TOPICAL TERM

  • Topical term or geographic name as entry element: PHARMACY

670 ## - SOURCE DATA FOUND

  • Source citation: Work cat.: (OSt): AIYAR, A.N 6466, REPORTS OF COMPANY CASES : INCLUDING CASES ON BANKING AND INSURENCE [VOL-II] , 1932